000
00298nam a22001337a 4500
008
170807b xxu||||| |||| 00| 0 eng d
020
_a
9780912503325
041
_a
eng
080
_2
5TH
_a
004
100
_a
33
101
_a
SHK
245
_a
COMPUTERIZED ACCOUNTING
_c
ARENS,A.A
942
_2
udc
_c
BK
999
_c
22746
_d
22746